000 00504nam a22001817a 4500
005 20251108164043.0
008 250721s1986 xx 000 0 ara d
082 1 4 _a216,8/حسن
100 1 _aحسنين، عزت
245 1 0 _aالمسكرات و المخدرات بين الشريعة و القانون :
_bدراسة مقارنة /
264 _c1986.
300 _a398ص
650 1 7 _aالإسلام
650 1 7 _aالفقه
650 1 7 _aالعقوبات
942 _2ddc
_cBK
999 _c2446
_d2446